000 00319nam a22001457a 4500
008 230426b ||||| |||| 00| 0 eng d
020 _a1587651998
041 _aeng
080 _2VOLUME 2
_a159.9
082 _a159.9MAG
100 _a25
101 _aPSI
245 _aPSYCHOLOGY BASICS
_cMAGILL'S
942 _2udc
_cBK
999 _c59622
_d59622